6 Letter Cities (US) Quiz Stats

 Plays Quiz Updated Feb 18, 2019

     
Support Sporcle.
Go Orange.
Score 0/20 Timer 06:00
5 Plays Today
Rank City % Correct
9Dallas
95.5%
22Boston
89.9%
26Denver
89.7%
14Austin
88.9%
19El Paso
66%
27Tucson
66%
62Newark
64%
60Toledo
53.1%
28Fresno
48.7%
113Mobile
48%
Rank City % Correct
50Aurora
46.8%
108Aurora
46.8%
80Durham
46.6%
101Tacoma
43.7%
151Eugene
42.6%
75Laredo
25.9%
91Irvine
22.8%
159Peoria
22.2%
89Irving
21.6%
109Oxnard
13.7%

From the Vault

Which Letter Is Silent?

by survivor

Things in this quiz may be a little too quiet.
Remove Ads.
Support Sporcle.
Get the best of Sporcle when you Go Orange. This ad-free experience offers more features, more stats, and more fun while also helping to support Sporcle. Thank you for becoming a member.

Show Comments

Extras

Top Quizzes Today


Score Distribution

Your Account Isn't Verified!

In order to create a playlist on Sporcle, you need to verify the email address you used during registration. Go to your Sporcle Settings to finish the process.

Report this User

Report this user for behavior that violates our Community Guidelines.

Details: